000 00580nam a22002171a 4500
001 5745939
005 20110718134055.0
008 s1970 q1966 tz 000 0 d
035 _a(MATPS)444920
035 _9PMA3681YL
035 _a5745939
050 4 _aPL 8704.K5L55 1966
_bPL 8704.K5L55 1966
100 1 _aKiimbila, J. K.
245 1 0 _aLila na fila.
_h[Text]
260 _a[Arusha]
_bLongman Tanzania
_cc1966
300 _avi, 65 p. ill.,
650 0 _aSwahili language.
_vReaders.
650 0 _aSwahili language.
_vTexts.
927 _aAFIMLS
928 _aAC09262000
999 _c43621
_d43597